Геохимия соленых озер западной Монголии: автореферат диссертации на соискание ученой степени кандидата геолого-минералогических наук; спец. 25.00.09

Detaylı Bibliyografya
Yazar: Колпакова М. Н. Марина Николаевна
Kurumsal yazarlar: Российская академия наук (РАН) Сибирское отделение (СО) Институт нефтегазовой геологии и геофизики им. А. А. Трофимука (ИНГГ) Томский филиал, Национальный исследовательский Томский политехнический университет (ТПУ) Институт природных ресурсов (ИПР) Кафедра гидрогеологии, инженерной геологии и гидрогеоэкологии (ГИГЭ)
Diğer Yazarlar: Шварцев С. Л. Степан Львович (научный руководитель)
Özet:Заглавие с титульного экрана
Электронная версия печатной публикации
Dil:Rusça
Baskı/Yayın Bilgisi: Томск, 2014
Konular:
Online Erişim:http://www.lib.tpu.ru/fulltext/a/2014/11.pdf
Materyal Türü: Elektronik Kitap
KOHA link:https://koha.lib.tpu.ru/cgi-bin/koha/opac-detail.pl?biblionumber=263731

MARC

LEADER 00000nlm0a2200000 4500
001 263731
005 20231101233751.0
035 |a (RuTPU)RU\TPU\book\286720 
090 |a 263731 
100 |a 20140610d2013 k y0rusy50 ca 
101 0 |a rus 
102 |a RU 
105 |a a dm 001zy 
135 |a drcn ---uucaa 
181 0 |a i  
182 0 |a b 
200 1 |a Геохимия соленых озер западной Монголии  |b Электронный ресурс  |e автореферат диссертации на соискание ученой степени кандидата геолого-минералогических наук  |e спец. 25.00.09  |f М. Н. Колпакова  |g Российская академия наук (РАН), Сибирское отделение (СО), Институт нефтегазовой геологии и геофизики им. А. А. Трофимука (ИНГГ), Томский филиал ; Национальный исследовательский Томский политехнический университет (ТПУ), Институт природных ресурсов (ИПР), Кафедра гидрогеологии, инженерной геологии и гидрогеоэкологии (ГИГЭ) ; науч. рук. С. Л. Шварцев 
203 |a Текст  |c электронный 
210 |a Томск  |d 2014 
215 |a 1 файл (789 Kb) 
230 |a Электронные текстовые данные (1 файл : 789 Kb) 
300 |a Заглавие с титульного экрана 
300 |a Электронная версия печатной публикации 
337 |a Adobe Reader 
452 1 |0 (RuTPU)RU\TPU\book\289621  |t Геохимия соленых озер Западной Монголии  |o автореферат диссертации на соискание ученой степени кандидата геолого-минералогических наук  |o спец. 25.00.09  |f М. Н. Колпакова  |g Российская академия наук (РАН), Сибирское отделение (СО), Институт нефтегазовой геологии и геофизики им. А. А. Трофимука (ИНГГ), Томский филиал ; Национальный исследовательский Томский политехнический университет (ТПУ) ; науч. рук. С. Л. Шварцев  |c Томск  |n [Б. и.]  |d 2014  |p 21 с.  |a Колпакова, Марина Николаевна 
606 1 |a Соленые озера  |x Гидрохимия  |2 stltpush  |3 (RuTPU)RU\TPU\subj\73389  |9 86421 
610 1 |a авторефераты диссертаций 
610 1 |a электронный ресурс 
610 1 |a труды учёных ТПУ 
610 1 |a Западная Монголия 
610 1 |a природные условия 
610 1 |a геолого-гидрогеологические условия 
610 1 |a геохимия 
610 1 |a озерные воды 
610 1 |a глинистые породы 
610 1 |a равновесие 
610 1 |a состав 
610 1 |a формирование 
675 |a 556.551(04)  |v 3 
686 |a 25.00.09  |2 oksvnk 
700 1 |a Колпакова  |b М. Н.  |c гидрогеолог  |c ассистент кафедры Томского политехнического университета  |f 1987-  |g Марина Николаевна  |2 stltpush  |3 (RuTPU)RU\TPU\pers\30421 
702 1 |a Шварцев  |b С. Л.  |c российский гидрогеолог, доктор геолого-минералогических наук  |c профессор Томского политехнического университета, академик РАЕН  |f 1936-  |g Степан Львович  |2 stltpush  |3 (RuTPU)RU\TPU\pers\25914  |4 727 
712 0 2 |a Российская академия наук (РАН)  |b Сибирское отделение (СО)  |b Институт нефтегазовой геологии и геофизики им. А. А. Трофимука (ИНГГ)  |b Томский филиал  |2 stltpush  |3 (RuTPU)RU\TPU\col\18715 
712 0 2 |a Национальный исследовательский Томский политехнический университет (ТПУ)  |b Институт природных ресурсов (ИПР)  |b Кафедра гидрогеологии, инженерной геологии и гидрогеоэкологии (ГИГЭ)  |h 100  |2 stltpush  |3 (RuTPU)RU\TPU\col\18664 
801 2 |a RU  |b 63413507  |c 20141008  |g PSBO 
856 4 |u http://www.lib.tpu.ru/fulltext/a/2014/11.pdf 
942 |c CF